WORD CHAIN – French, Italian, German (#1) - Statistics

General Stats
  • This quiz has been taken 278 times
  • The average score is 13 of 24
Answer Stats
Language and clue Answer % Correct
French for “red” rouge
90%
French for “house” maison
79%
French for “boy” garçon
74%
German for “night” Nacht
73%
German for “Austria” Österreich
72%
Italian for “new” nuovo
63%
Italian for “boy” ragazzo
63%
Italian for “east” est
62%
German for “or” oder
62%
French for “head” tête
62%
French for “tomorrow” demain
61%
German for “evening” Abend
60%
Italian for “thirty” trenta
57%
German for “eighty” achtzig
54%
Italian for “nothing” niente
53%
German for “excuse me” Entschuldigung
48%
Italian for “to be” essere
48%
German form “dream” Traum
48%
German name of Alpine flower (also a song!) Edelweiss
46%
Italian for “no one” (as in —— dorma!) nessun
45%
Italian for “existence” esistenza
35%
French for “height” hauteur
31%
French for “especially” surtout
14%
French self-catering holiday cottage gîte
11%
No matching quizzes found
Score Distribution
Percent of People with Each Score
Percentile by Number Answered
Your Score History
You have not taken this quiz